000 01439nam a2200385Ia 4500
001 dia_7815
003 CHAP
005 20251021153939.0
008 220117s2018 xx 000 0 und d
010 _a179303
020 _a968-884-560-4
040 _cCHAP
082 _a664.9 V55 2018
100 _aVillegas de Gante, Abraham
_9119748
245 _aManual de prácticas tecnología de alimentos de orígen animal : leche y carne /
_c Abraham Villegas de Gante
260 _aMéxico :
_b Universidad Autónoma Chapingo. Departamento de Ingeniería Agroindustrial,
_c2018
300 _a178 p.
440 _aMaterias aplicadas (UACh)
_9162113
504 _aIncluye bibliografías
590 _aTX389 V55 2018
650 _aDairy products
_xHandbooks, manuals, etc.
_9163576
650 _aFood preservation
_xHandbooks, manuals, etc
_9162115
650 _aFood processing
_x Handbooks, manuals, etc.
_9162116
650 _aMeat products
_xHandbooks, manuals, etc.
_9163577
650 _aPreparación de alimentos
_xManuales
_9162118
650 _aProcesamiento de alimentos
_xManuales
_9162119
650 _aProductos cárnicos
_xManuales
_9163578
650 _aProductos lácteos
_xManuales
_9143624
650 _aRecetas
_9159867
650 _aRecipies
_9162121
901 _a664.9 V55 2018
902 _aM
905 _a5232272018 mx ain 8223223322spa16
942 _cLIBRO
_2ddc
999 _c179303
_d179303